Governorates of Libya - Statistics

General Stats
  • This quiz has been taken 48 times
  • The average score is 6 of 25
Answer Stats
Population Governorate % Correct
991,000 Tripoli
94%
485,000 Benghazi
82%
111,000 Sirte
53%
76,000 Sabha
41%
25,000 Kufra
35%
178,000 Misratah
35%
220,000 Az Zawiyah
29%
94,000 Butnan
29%
121,000 Jabal al Akhdar
29%
103,000 Marj
29%
101,000 Al Wahat
18%
105,000 Darnah
18%
182,000 Nuqat al Khams
18%
>28,000 Al Jufrah
12%
117,000 Gharyan
12%
101,000 Zlitan
12%
52,000 Ghadamès
6%
150,000 Khoms
6%
73,400 Yafran
6%
85,000 Al 'Aziziyah
0%
47,000 Ash Shati'
0%
49,000 Awbari
0%
42,000 Mourzouq
0%
45,000 Sawfajjin
0%
85,000 Tarhounah
0%
No matching quizzes found
Score Distribution
Percent of People with Each Score
Percentile by Number Answered
Your Score History
You have not taken this quiz